| 000 | 00874cab a2200253 4500 | ||
|---|---|---|---|
| 001 | ABS59545 | ||
| 008 | 090401t1998 xxu||||| |||| 00| 0 eng d | ||
| 035 | _a(Sirsi) u89147 | ||
| 041 | _aeng | ||
| 100 | _aEvans, R. | ||
| 245 | _aFM - it`s not as easy as it sounds | ||
| 260 | _c1998 | ||
| 350 | _a0 | ||
| 490 |
_aPrivate Finance Initiative Journal _v3(4) September/October 1998, 36-41(4) |
||
| 520 | _aStarts with an overview of facilities management and goes on to examine how it is becoming a more necessary element of PFI projects. Considers in particular the issues of life cycle costing and risk management. | ||
| 650 |
_aFACILITIES MANAGEMENT _96240 |
||
| 650 | _aLIFE CYCLE COSTING | ||
| 650 | _aPFI | ||
| 650 | _aPRIVATE FINANCE INITIATIVE | ||
| 650 | _aRISK MANAGEMENT | ||
| 690 | _aPROPERTY LAW AND PRACTICE | ||
| 942 | _n0 | ||
| 948 | _c21/10/1998 | ||
| 999 |
_c56373 _d56373 |
||